<?xml version="1.0" encoding="UTF-8"?><?xml-stylesheet type="text/xsl" href="static/style.xsl"?><OAI-PMH xmlns="http://www.openarchives.org/OAI/2.0/" xmlns:xsi="http://www.w3.org/2001/XMLSchema-instance" xsi:schemaLocation="http://www.openarchives.org/OAI/2.0/ http://www.openarchives.org/OAI/2.0/OAI-PMH.xsd"><responseDate>2026-04-17T19:22:58Z</responseDate><request verb="GetRecord" identifier="oai:www.recercat.cat:2072/254718" metadataPrefix="marc">https://recercat.cat/oai/request</request><GetRecord><record><header><identifier>oai:recercat.cat:2072/254718</identifier><datestamp>2024-12-21T00:26:04Z</datestamp><setSpec>com_2072_220028</setSpec><setSpec>com_2072_4427</setSpec><setSpec>col_2072_220407</setSpec></header><metadata><record xmlns="http://www.loc.gov/MARC21/slim" xmlns:dcterms="http://purl.org/dc/terms/" xmlns:xsi="http://www.w3.org/2001/XMLSchema-instance" xmlns:doc="http://www.lyncode.com/xoai" xsi:schemaLocation="http://www.loc.gov/MARC21/slim http://www.loc.gov/standards/marcxml/schema/MARC21slim.xsd">
   <leader>00925njm 22002777a 4500</leader>
   <datafield ind2=" " ind1=" " tag="042">
      <subfield code="a">dc</subfield>
   </datafield>
   <datafield ind2=" " ind1=" " tag="720">
      <subfield code="a">Gutiérrez Garcia-Moreno, Anna</subfield>
      <subfield code="e">author</subfield>
   </datafield>
   <datafield ind2=" " ind1=" " tag="720">
      <subfield code="a">Huelin, Sagrario</subfield>
      <subfield code="e">author</subfield>
   </datafield>
   <datafield ind2=" " ind1=" " tag="720">
      <subfield code="a">López Vilar, Jordi</subfield>
      <subfield code="e">author</subfield>
   </datafield>
   <datafield ind2=" " ind1=" " tag="720">
      <subfield code="a">Rodà, Isabel, 1948-</subfield>
      <subfield code="e">author</subfield>
   </datafield>
   <datafield ind2=" " ind1=" " tag="260">
      <subfield code="c">2015</subfield>
   </datafield>
   <datafield ind2=" " ind1=" " tag="520">
      <subfield code="a">During the study phase of a project to renew the way the Roman quarry of El Mèdol, officially declared Artistic Historical Monument by the Spanish Government in 1934 and World Heritage in 2000 by UNESCO, is presented to the public, a violent fire broke out (late July 2010). Four acres of the property where the quarry is were affected and after the charred remains of the forest, new perfectly-preserved areas of exploitation surfaced. Also, in an attempt to avoid new fires, the area around the pinnacle that remains the symbol of the whole site was cleared. 

This paper presents the new evidences resulting from these circumstances as well as some other data from a research
which is very much a work-in-progress but that nevertheless that enable us to better understand not only the real extent and chronological phases of the quarry but also other aspects related to its management and link with Tarraco, where its stone was widely used.</subfield>
   </datafield>
   <datafield ind1="8" ind2=" " tag="024">
      <subfield code="a">Gutiérrez Garcia-M., A.; Huelin, S.; López Vilar, J.; Rodà de Llanza, I. (2015) «Can a fire broaden our understanding of a Roman quarry? The case of El Mèdol (Tarragona, Spain)»X ASMOSIA International Conference, Proceedings of the X ASMOSIA International Conference (Rome, May 2012), 779-789</subfield>
   </datafield>
   <datafield ind1="8" ind2=" " tag="024">
      <subfield code="a">http://hdl.handle.net/2072/254718</subfield>
   </datafield>
   <datafield ind2="0" ind1="0" tag="245">
      <subfield code="a">«Can a fire broaden our understanding of a Roman quarry? The case of El Mèdol (Tarragona, Spain)</subfield>
   </datafield>
</record></metadata></record></GetRecord></OAI-PMH>